000 00223nam a22000857a 4500
008 161227b xxu||||| |||| 00| 0 eng d
100 _92157
_aSrivasatava.S
245 _aMy Grardan
260 _aNew Delhi
_bChildrens Book Trust
_c2011
999 _c5047
_d5047